000 00319nam a2200121Ia 4500
008 240624s9999 xx 000 0 und d
041 _aeng
082 _a658.404 WYS
100 _aWYSOCKI ROBERT K
245 _aEFFECTIVE PROJECT MANAGEMENT
260 _c2002
_aNew York
_bJohn Wiley
300 _axvii, : 359 : p. : cm. ; 23
999 _c5183
_d5183